000 00701nam a2200289Ia 4500
005 20260324121235.0
008 008 260324s9999 xx 000 0 eng d
020 _a9780429255700
037 _aEBOOK
040 _aCRL
040 _beng
040 _cCRL
041 _2eng
041 _aeng
084 _qCRL
100 _aRonald Blank
_91161748
245 0 _aWarranty Claims Reduction
245 2 _bA Modern Approach with Continuous Improvement Techniques
260 _bTaylor and Francis
260 _c2014
365 _a
365 _b89.99
856 _uhttp://www.taylorfrancis.com/books/9780429255700
942 _cEBOOK
999 _c1753723
_d1753723